[Event "ICS rated blitz match"]
[Site "204.178.125.65"]
[Date "2000.10.15"]
[Round "?"]
[White "Interceptor"]
[Black "Hossa"]
[Result "1-0"]
[WhiteElo "2704"]
[BlackElo "2570"]
[PlyCount "229"]
[EventDate "2000.??.??"]

1. d4 Nf6 2. c4 g6 3. Nf3 Bg7 4. Nc3 d6 5. Bg5 h6 6. Bh4 g5 7. Bg3 Nh5 8. e3 g4
9. Nd2 Nxg3 10. hxg3 e5 11. dxe5 Bxe5 12. Qc2 Na6 13. O-O-O Bd7 14. Be2 Qf6 15.
Nd5 Qd8 16. Ne4 f5 17. Nec3 c6 18. Nf4 Qf6 19. Na4 O-O-O 20. Kb1 Kb8 21. Qb3
Nc7 22. Nd3 Qe7 23. Rh5 Ne6 24. Rdh1 Bg7 25. Nc3 Rhf8 26. Rd1 Be8 27. Rhh1 Bg6
28. Nb4 Qd7 29. Nd3 Qc7 30. Qb4 Rfe8 31. Qa3 Rd7 32. Nf4 Nxf4 33. gxf4 g3 34.
fxg3 Rxe3 35. Rd3 Re6 36. Bh5 Bxh5 37. Rxh5 Re1+ 38. Kc2 Rg1 39. Rd2 d5 40. Qc5
d4 41. Nd1 Rd8 42. Qxf5 Qe7 43. Qd3 Re1 44. g4 Bf8 45. g3 Qb4 46. Kb1 c5 47.
Re2 Rg1 48. Rd5 Rc8 49. b3 Qa3 50. Rd7 Ka8 51. Rc7 Rd8 52. Rf7 Kb8 53. Rh7 b6
54. Rd2 Re8 55. Qf5 Qa6 56. Qd7 Rc8 57. Rf7 b5 58. cxb5 Qb6 59. Rd3 Re1 60. a4
Rd8 61. Qf5 Be7 62. Rd2 Qa5 63. Qd3 c4 64. bxc4 Qxa4 65. b6 axb6 66. Rh7 Ba3
67. Qf3 Qb4+ 68. Ka1 Re7 69. Rxe7 Qxe7 70. Ra2 d3 71. Qc6 Qb4 72. Qf6 Rc8 73.
Qe5+ Rc7 74. Nc3 Qb3 75. Nb1 Bc5 76. Qe8+ Rc8 77. Qe4 Rc6 78. g5 hxg5 79. Qe8+
Rc8 80. Qd7 Rc7 81. Qd5 Rc6 82. fxg5 b5 83. Qe5+ Kb7 84. cxb5 Rc8 85. Qe4+ Kc7
86. Rb2 Qf7 87. Nc3 Qg7 88. Qxd3 Kb8 89. Rc2 Bd4 90. Kb2 Qe5 91. g6 Rc7 92. g4
Rc8 93. Kb3 Qe6+ 94. Ka3 Qxg4 95. Na4 Rd8 96. Rc4 Qg1 97. Qe4 Qa1+ 98. Kb4 Bg7
99. Ka5 Be5 100. b6 Bg3 101. Ka6 Qg7 102. Rc7 Qxc7 103. bxc7+ Kxc7 104. Qe7+
Rd7 105. Qc5+ Kd8 106. Nb6 Rg7 107. Qf8+ Kc7 108. Qxg7+ Kd6 109. Qf6+ Kc5 110.
g7 Be5 111. Qf8+ Kd4 112. Qf2+ Ke4 113. g8=Q Bd4 114. Qd5+ Kd3 115. Qdxd4# {
Hossa checkmated} 1-0

[Event "ICS rated standard match"]
[Site "204.178.125.65"]
[Date "2000.10.15"]
[Round "?"]
[White "Hossa"]
[Black "Interceptor"]
[Result "0-1"]
[WhiteElo "2393"]
[BlackElo "2527"]
[PlyCount "130"]
[EventDate "2000.??.??"]

1. e4 e5 2. Nf3 Nc6 3. d4 exd4 4. Nxd4 Bc5 5. Nb3 Bb6 6. Nc3 d6 7. a4 a6 8. Nd5
Ba7 9. Be2 Nf6 10. O-O Nxe4 11. Bf3 Nxf2 12. Rxf2 Bxf2+ 13. Kxf2 Be6 14. Kg1
O-O 15. Nd4 Ne5 16. Nc3 d5 17. Be2 c5 18. Nf3 f6 19. Bf4 d4 20. Ne4 Qd5 21. Nf2
Ng6 22. Bg3 f5 23. Bc7 Rae8 24. a5 Qc6 25. Bb6 Bd5 26. Nd3 Qe6 27. Bf1 Qe3+ 28.
Kh1 Bxf3 29. Qxf3 Qxf3 30. gxf3 c4 31. Nc5 d3 32. Nxb7 d2 33. Bxc4+ Kh8 34. Bf2
Re7 35. Nc5 Rfe8 36. Be6 Nf8 37. Rd1 Nxe6 38. Nd3 Nf4 39. Rxd2 Re2 40. Rxe2
Rxe2 41. Bd4 Nxd3 42. cxd3 Kg8 43. Kg1 Rd2 44. Bc3 Rxd3 45. Kf2 g5 46. Ke2 Rd6
47. Kf2 Kf7 48. Kf1 Rd1+ 49. Kg2 h5 50. Kf2 Rc1 51. Be5 Rc2+ 52. Kg1 g4 53. f4
Ke6 54. Kh1 Kd5 55. b3 Ke4 56. b4 h4 57. h3 g3 58. Bb8 Kf3 59. Ba7 Rh2+ 60. Kg1
Rb2 61. Kh1 Rxb4 62. Bc5 Rb1+ 63. Bg1 g2+ 64. Kh2 Rd1 65. Bc5 Rh1# {
Hossa checkmated} 0-1

[Event "ICS rated blitz match"]
[Site "204.178.125.65"]
[Date "2000.10.15"]
[Round "?"]
[White "Hossa"]
[Black "Interceptor"]
[Result "0-1"]
[WhiteElo "2560"]
[BlackElo "2714"]
[PlyCount "128"]
[EventDate "2000.??.??"]

1. e4 c5 2. Nf3 Nc6 3. Nc3 e6 4. d4 cxd4 5. Nxd4 a6 6. Bf4 d6 7. Nxc6 bxc6 8.
Qd2 e5 9. Be3 Be6 10. Bd3 d5 11. Bg5 Qb6 12. O-O h6 13. Bh4 Qxb2 14. Rfb1 Qa3
15. exd5 cxd5 16. Nb5 Qc5 17. Qa5 Kd7 18. Qa4 Qc6 19. Nc3 Qxa4 20. Nxa4 Kc7 21.
Rb2 e4 22. Bg3+ Bd6 23. Bxd6+ Kxd6 24. Rb6+ Ke7 25. Bxa6 Nf6 26. Nc5 Rhb8 27.
Bb7 Bc8 28. Rxf6 Rxb7 29. Nxb7 Kxf6 30. Nc5 Ra3 31. Nb3 Ke5 32. h3 d4 33. Rd1
Ra4 34. Kf1 f5 35. Ke1 f4 36. Ra1 Bf5 37. Nd2 e3 38. Nf3+ Kd5 39. fxe3 fxe3 40.
Kd1 Kc4 41. g4 Be4 42. Ne1 Kc3 43. Rb1 Bd5 44. Nd3 Rxa2 45. Nb4 Bf3+ 46. Kc1
Ra3 47. Nd3 e2 48. Rb4 Ra1+ 49. Rb1 Rxb1+ 50. Kxb1 Be4 51. Ne1 Bxc2+ 52. Ka2 d3
53. Ka3 d2 54. Nxc2 d1=Q 55. Ka4 Qd5 56. Na3 e1=Q 57. Nb5+ Kb2 58. Nc3 Qb3+ 59.
Ka5 Qbxc3+ 60. Kb6 Qf2+ 61. Kb7 Qcf3+ 62. Kc7 Qc5+ 63. Kd7 Qf7+ 64. Kd8 Qfe7# {
Hossa checkmated} 0-1

[Event "ICS rated blitz match"]
[Site "204.178.125.65"]
[Date "2000.10.15"]
[Round "?"]
[White "apatrid"]
[Black "Hossa"]
[Result "0-1"]
[WhiteElo "2405"]
[BlackElo "2551"]
[PlyCount "82"]
[EventDate "2000.??.??"]

1. e4 e5 2. Nf3 Nc6 3. Bb5 a6 4. Bxc6 dxc6 5. Nc3 f6 6. d4 Bb4 7. Qd3 exd4 8.
Nxd4 c5 9. Nde2 Qxd3 10. cxd3 Ne7 11. a3 Bxc3+ 12. bxc3 c4 13. d4 Bd7 14. Be3
Kf7 15. f3 b6 16. Kf2 Rhe8 17. Rhd1 Ba4 18. Rd2 g5 19. d5 Red8 20. Nd4 Bd7 21.
Rb2 Ng6 22. g3 Ne5 23. Kg2 g4 24. f4 Nd3 25. Re2 Re8 26. Bd2 Re7 27. f5 Ba4 28.
Ne6 Rc8 29. Bf4 Rd7 30. Nd4 c6 31. d6 Re8 32. Ne6 Nxf4+ 33. gxf4 Rxd6 34. Rae1
Rd3 35. Re3 Bc2 36. R1e2 Bd1 37. Re1 Bf3+ 38. Kg3 Bxe4 39. Kxg4 h5+ 40. Kxh5
Rxe3 41. Rxe3 Bxf5 {apatrid resigns} 0-1

[Event "ICS rated blitz match"]
[Site "204.178.125.65"]
[Date "2000.10.15"]
[Round "?"]
[White "Hossa"]
[Black "Zippy"]
[Result "0-1"]
[WhiteElo "2561"]
[BlackElo "2271"]
[PlyCount "128"]
[EventDate "2000.??.??"]

1. e4 c5 2. c3 d5 3. exd5 Qxd5 4. d4 Nf6 5. Nf3 Bg4 6. Qa4+ Bd7 7. Qc4 cxd4 8.
cxd4 e6 9. Nc3 Qxc4 10. Bxc4 Nc6 11. O-O Rc8 12. d5 Nxd5 13. Nxd5 Na5 14. b3
Nxc4 15. bxc4 exd5 16. Re1+ Kd8 17. cxd5 Bb4 18. Bd2 Bxd2 19. Nxd2 Re8 20.
Rxe8+ Kxe8 21. Ne4 Kf8 22. Nd6 Rc5 23. Rd1 b6 24. Ne4 Rc2 25. Ra1 h6 26. g4
Bxg4 27. Kg2 Bd7 28. Kf3 f5 29. Ng3 g5 30. Nf1 Kf7 31. Ne3 Rc3 32. Ke2 f4 33.
Nf1 Bg4+ 34. Ke1 Rd3 35. Nd2 Rxd5 36. Nb3 Kf6 37. Kf1 Bf3 38. Rc1 g4 39. Kg1 a5
40. Rc6+ Kf5 41. Rc1 a4 42. Na1 Rc5 43. Rxc5+ bxc5 44. Kf1 c4 45. Ke1 c3 46.
Nc2 Ke4 47. a3 Kd3 48. Nb4+ Kc4 49. Kf1 Kb3 50. Ke1 Be4 51. Na6 c2 52. Nc5+ Ka2
53. Kd2 Kb1 54. Nxe4 c1=Q+ 55. Kd3 Qxa3+ 56. Kc4 Kc2 57. Nc5 Qc3+ 58. Kb5 a3
59. Na6 Qe5+ 60. Ka4 Kc3 61. Nb4 Qc5 62. Nd5+ Qxd5 63. h3 a2 64. hxg4 a1=Q# {
Hossa checkmated} 0-1

[Event "ICS rated blitz match"]
[Site "204.178.125.65"]
[Date "2000.10.15"]
[Round "?"]
[White "QueenMaxima"]
[Black "Hossa"]
[Result "0-1"]
[WhiteElo "2506"]
[BlackElo "2530"]
[PlyCount "222"]
[EventDate "2000.??.??"]

1. d4 Nf6 2. Bf4 d5 3. c3 Nh5 4. Be5 f6 5. e3 g6 6. Bg3 Nxg3 7. hxg3 e5 8. dxe5
fxe5 9. Nd2 c6 10. Qc2 Qf6 11. Ndf3 Bf5 12. Qb3 b6 13. c4 Na6 14. cxd5 Nb4 15.
Rc1 Nxd5 16. Bc4 Nc7 17. Qc3 Bd6 18. Bd3 c5 19. Rd1 Bxd3 20. Qxd3 O-O-O 21. Qe4
Kb8 22. Ne2 Qe6 23. Nc3 Qe8 24. Rh6 Qf8 25. Rh3 Qe8 26. Kf1 h5 27. g4 Rf8 28.
gxh5 gxh5 29. Qh4 Rh8 30. Qf6 Rf8 31. Qg5 Rh8 32. Qf5 Nb5 33. Ne4 Bc7 34. Rxd8+
Qxd8 35. Ned2 a6 36. a4 Na7 37. a5 Nc8 38. axb6 Nxb6 39. Qc2 Qe7 40. g4 h4 41.
Ne4 c4 42. Qe2 Qd7 43. Rxh4 Rxh4 44. Nxh4 Qh7 45. Qf3 c3 46. bxc3 Na4 47. Nf5
Ba5 48. c4 Bb4 49. Nf6 Qc7 50. Qe4 Nb6 51. Nd5 Nxd5 52. cxd5 Qc1+ 53. Kg2 Qb2
54. Qc4 Be1 55. Qf1 Qb4 56. Qxa6 Qxg4+ 57. Ng3 Qd7 58. Qa3 Qxd5+ 59. Kh2 Kb7
60. Qb2+ Ka7 61. Qc2 Bd2 62. Ne4 Ba5 63. f3 Bb6 64. Qa4+ Kb7 65. Qb4 Qd1 66.
Qe7+ Bc7 67. Nc5+ Kc6 68. Ne6 Bb6 69. Qe8+ Kb7 70. Qf7+ Kc6 71. e4 Qg1+ 72. Kh3
Kd6 73. Qf8+ Kxe6 74. Qf5+ Kd6 75. Qf6+ Kd7 76. Qf5+ Kc6 77. Qf6+ Kb7 78. Qxe5
Bd4 79. Qf5 Qf1+ 80. Kh4 Qf2+ 81. Kh5 Qh2+ 82. Kg5 Qg1+ 83. Qg4 Qc1+ 84. f4 Qc7
85. e5 Qd8+ 86. Kh5 Qh8+ 87. Kg5 Qg8+ 88. Kh5 Qf7+ 89. Qg6 Qd5 90. Qg7+ Ka6 91.
Qg6+ Bb6 92. Qh6 Qf3+ 93. Kg5 Qg2+ 94. Kh5 Qh3+ 95. Kg5 Qg3+ 96. Kh5 Kb5 97. e6
Qh3+ 98. Kg5 Bd8+ 99. e7 Bxe7+ 100. Kg6 Qe6+ 101. Kh7 Bf6 102. Qh5+ Kb4 103.
Qh2 Qf7+ 104. Kh6 Qg7+ 105. Kh5 Qh7+ 106. Kg4 Qxh2 107. Kf5 Qh4 108. Ke6 Qxf4
109. Kd5 Qc4+ 110. Kd6 Kb5 111. Kd7 Qc6# {QueenMaxima checkmated} 0-1

[Event "ICS rated blitz match"]
[Site "204.178.125.65"]
[Date "2000.10.15"]
[Round "?"]
[White "Hossa"]
[Black "QueenMaxima"]
[Result "1-0"]
[WhiteElo "2535"]
[BlackElo "2436"]
[PlyCount "277"]
[EventDate "2000.??.??"]

1. d4 e6 2. c4 Nf6 3. Nc3 Bb4 4. Qc2 O-O 5. a3 Bxc3+ 6. bxc3 c5 7. Nf3 d6 8. e3
b6 9. Bd3 Bb7 10. e4 Nc6 11. e5 dxe5 12. dxe5 Nd7 13. Bxh7+ Kh8 14. Be4 Qc7 15.
Ng5 g6 16. f4 Rae8 17. Qf2 Kg7 18. Qh4 Rh8 19. Qg3 Ne7 20. Bd3 Nf5 21. Bxf5
exf5 22. O-O f6 23. exf6+ Nxf6 24. Rd1 Re2 25. Ra2 Rhe8 26. Rxe2 Rxe2 27. Be3
Qe7 28. Bf2 Ra2 29. Re1 Be4 30. Qh3 Rxa3 31. Rd1 Ra2 32. Qh4 Re2 33. Rd8 Nh5
34. Rd1 Bc6 35. g3 Ba8 36. Qh3 a6 37. Qh4 Qe8 38. Kf1 Rc2 39. Re1 Qd7 40. Kg1
Kh8 41. Nh3 Rd2 42. Qe7 Qxe7 43. Rxe7 Be4 44. Kf1 Bd3+ 45. Ke1 Rb2 46. Ng5 Bxc4
47. Nf7+ Kg7 48. Nd6+ Kf6 49. Re3 Bb3 50. c4 Ba2 51. Ne8+ Kf7 52. Nd6+ Kg7 53.
Re7+ Kf6 54. Re5 a5 55. Ne8+ Kf7 56. Nd6+ Kg7 57. Re2 Rxe2+ 58. Kxe2 Kh6 59.
Kd2 Nf6 60. Kc2 a4 61. Kb2 Bb3 62. h3 Kg7 63. Be3 Nd7 64. g4 Kf6 65. gxf5 gxf5
66. Kc3 Ke6 67. Ne8 Nf8 68. Ng7+ Kf6 69. Ne8+ Kf7 70. Nd6+ Ke6 71. Ne8 Ng6 72.
Ng7+ Kf6 73. Ne8+ Ke7 74. Ng7 Nh4 75. Bf2 Ng2 76. Nxf5+ Ke6 77. Ng7+ Kf7 78.
Nf5 Nxf4 79. h4 Ne2+ 80. Kb2 Ke6 81. Ne3 Nd4 82. h5 Ke5 83. Nd5 Bxc4 84. h6 Bd3
85. Nxb6 Bh7 86. Nd7+ Kd6 87. Nf6 Bf5 88. h7 Bxh7 89. Nxh7 a3+ 90. Kxa3 Nb5+
91. Kb2 c4 92. Kc2 c3 93. Nf8 Nc7 94. Kxc3 Na8 95. Ng6 Nc7 96. Bg3+ Kd7 97. Kd4
Na8 98. Kc5 Nc7 99. Nf8+ Ke7 100. Bd6+ Kf7 101. Nd7 Ne6+ 102. Kd5 Ng5 103. Bc5
Ne6 104. Be3 Nc7+ 105. Kc6 Ne6 106. Kd6 Ng7 107. Ke5 Ne8 108. Bc5 Ng7 109. Nf6
Ne8 110. Nd5 Ng7 111. Be3 Ne8 112. Bf2 Ng7 113. Bd4 Ne8 114. Be3 Ng7 115. Nf4
Ne8 116. Bb6 Ng7 117. Bd8 Ne8 118. Ne6 Ng7 119. Nd4 Ne8 120. Nf5 Ng7 121. Nd6+
Kf8 122. Bg5 Ne8 123. Ne4 Ng7 124. Bh6 Kg8 125. Kf6 Ne8+ 126. Kg6 Kh8 127. Kf7
Kh7 128. Bf8 Ng7 129. Ng3 Ne8 130. Kxe8 Kg6 131. Be7 Kg7 132. Bh4 Kg6 133. Kf8
Kh7 134. Kf7 Kh6 135. Be7 Kh7 136. Bf8 Kh8 137. Nh5 Kh7 138. Nf6+ Kh8 139. Bg7#
{QueenMaxima checkmated} 1-0

[Event "ICS rated blitz match"]
[Site "204.178.125.65"]
[Date "2000.10.15"]
[Round "?"]
[White "QueenMaxima"]
[Black "Hossa"]
[Result "1-0"]
[WhiteElo "2424"]
[BlackElo "2547"]
[PlyCount "135"]
[EventDate "2000.??.??"]

1. d4 Nf6 2. Bf4 d5 3. e3 c5 4. c3 cxd4 5. cxd4 Nc6 6. Nc3 Bf5 7. Bd3 Bxd3 8.
Qxd3 e6 9. Qb5 Qd7 10. Nge2 a6 11. Qb6 Bb4 12. O-O Rc8 13. a3 Ba5 14. Qc5 Bc7
15. a4 b6 16. Qa3 Na5 17. Qb4 Ng4 18. h3 Nc6 19. Qa3 Nf6 20. Rfc1 Bxf4 21. Nxf4
Qd8 22. Nce2 Ne4 23. a5 bxa5 24. Nh5 Rg8 25. Nhg3 f5 26. Nxe4 fxe4 27. Rc5 Kd7
28. Qa4 Qb6 29. Rac1 Qb4 30. Qc2 Qb7 31. Nf4 Ne7 32. Qa4+ Kd6 33. R1c3 g5 34.
Nh5 Rgf8 35. Rxa5 Rxc3 36. bxc3 Rf7 37. Rxa6+ Nc6 38. c4 Qb1+ 39. Kh2 Qb7 40.
Rb6 Qc7 41. Kg1 dxc4 42. Ra6 Qb7 43. Qxc4 Kd7 44. d5 exd5 45. Qxd5+ Ke8 46.
Rxc6 Qb1+ 47. Kh2 Qb8+ 48. g3 Rxf2+ 49. Kg1 Rg2+ 50. Kxg2 Qb2+ 51. Kf1 Qa1+ 52.
Ke2 Qb2+ 53. Kd1 Qb1+ 54. Kd2 Qb4+ 55. Rc3 h6 56. Qc6+ Ke7 57. Qf6+ Kd7 58.
Qf7+ Kd8 59. Nf6 Qb2+ 60. Rc2 Qb4+ 61. Ke2 Qb5+ 62. Kf2 Qf5+ 63. Kg2 Qf3+ 64.
Kh2 Qxf6 65. Qxf6+ Kd7 66. Qe5 h5 67. Rc7+ Kd8 68. Qe7# {Hossa checkmated} 1-0

[Event "ICS rated blitz match"]
[Site "204.178.125.65"]
[Date "2000.10.15"]
[Round "?"]
[White "Hossa"]
[Black "QueenMaxima"]
[Result "0-1"]
[WhiteElo "2526"]
[BlackElo "2445"]
[PlyCount "186"]
[EventDate "2000.??.??"]

1. e4 c5 2. c3 Nf6 3. e5 Nd5 4. d4 cxd4 5. Nf3 Nc6 6. Bc4 Nb6 7. Bb3 d6 8. exd6
Qxd6 9. O-O Be6 10. Na3 dxc3 11. Nb5 Qxd1 12. Rxd1 Rc8 13. Bxe6 fxe6 14. Nxc3
g6 15. Nb5 Bg7 16. Ng5 a6 17. Nxe6 axb5 18. Nxg7+ Kf7 19. Be3 Nc4 20. Bh6 Rhg8
21. Rd5 b4 22. Rb1 Ra8 23. Re1 Rxg7 24. Bxg7 Kxg7 25. b3 Nb6 26. Rb5 Nc8 27.
Rxb7 Rxa2 28. Rc7 N8a7 29. h4 Kf6 30. Re3 Ra6 31. Rb7 h6 32. Rf3+ Ke6 33. Re3+
Kf5 34. Rf3+ Kg4 35. Rg3+ Kh5 36. Rd7 Nc8 37. Rd2 e5 38. Kh2 N8e7 39. Rh3 Nd4
40. f4 Ndc6 41. fxe5 Nxe5 42. Kg3 Ng4 43. Re2 Nf5+ 44. Kf4 Rd6 45. Rc2 Rd4+ 46.
Kf3 Ne5+ 47. Ke2 Re4+ 48. Kd2 Kg4 49. Ra2 Nxh4 50. Kd1 Nxg2 51. Rxh6 Re1+ 52.
Kd2 Rf1 53. Ra4 Rf2+ 54. Kc1 Nd3+ 55. Kb1 Ngf4 56. Ra2 Rf1+ 57. Kc2 Nc5 58. Rh2
Kg3 59. Rd2 Ne4 60. Ra4 Nxd2 61. Kxd2 Nd5 62. Ra6 g5 63. Ra5 Rf5 64. Ra1 Nc3
65. Ke3 g4 66. Rg1+ Kh4 67. Rh1+ Kg5 68. Rh8 Rf3+ 69. Kd4 Na2 70. Kc4 Rc3+ 71.
Kd5 Rxb3 72. Ke5 Re3+ 73. Kd4 Re1 74. Kc4 Re4+ 75. Kb3 Nc3 76. Rg8+ Kf4 77.
Rf8+ Ke3 78. Rg8 Kf3 79. Rf8+ Rf4 80. Rd8 g3 81. Rd3+ Kf2 82. Rd7 g2 83. Rg7
g1=Q 84. Rxg1 Kxg1 85. Kc2 Rf2+ 86. Kd3 Rf3+ 87. Kd4 b3 88. Ke5 b2 89. Ke6 b1=Q
90. Kd6 Qb6+ 91. Ke7 Nd5+ 92. Kd7 Re3 93. Kc8 Qc7# {Hossa checkmated} 0-1

[Event "ICS rated blitz match"]
[Site "204.178.125.65"]
[Date "2000.10.15"]
[Round "?"]
[White "Hossa"]
[Black "QueenMaxima"]
[Result "1-0"]
[WhiteElo "2506"]
[BlackElo "2465"]
[PlyCount "173"]
[EventDate "2000.??.??"]

1. d4 e6 2. c4 Nf6 3. Nc3 Bb4 4. Qc2 d5 5. e3 c5 6. a3 Bxc3+ 7. bxc3 O-O 8. Nf3
Nc6 9. Bb2 Qa5 10. Nd2 b6 11. a4 dxc4 12. Nxc4 Qa6 13. Nd6 c4 14. Bxc4 b5 15.
Nxb5 Na5 16. Be2 Bb7 17. f3 Qc6 18. Ba3 Rfd8 19. Be7 Rdb8 20. Bd6 Rc8 21. Bc5
Qd5 22. e4 Qg5 23. O-O Nd7 24. Bd6 Nc4 25. Bxc4 Rxc4 26. Qe2 Rcc8 27. Nc7 Rab8
28. c4 Qa5 29. Nb5 Ra8 30. Bf4 Ba6 31. Rfc1 Qd8 32. Qd2 Rc6 33. d5 Rcc8 34.
dxe6 fxe6 35. Bg5 Qb6+ 36. Be3 Nc5 37. Rab1 Rab8 38. a5 Qb7 39. Bf4 Rd8 40. Qe3
Nd3 41. Nc3 Nxc1 42. Rxb7 Rxb7 43. Qxc1 Bxc4 44. Na4 Bb3 45. Nc5 Rb5 46. Nxb3
Rxb3 47. Qc6 Kh8 48. Qxe6 Rb2 49. h4 Rb7 50. Kh2 Rf8 51. h5 h6 52. Be5 Kh7 53.
a6 Rbf7 54. g4 Kg8 55. g5 hxg5 56. h6 Kh7 57. hxg7 Rxg7 58. Bxg7 Kxg7 59. Qe7+
Rf7 60. Qxg5+ Kf8 61. Qd8+ Kg7 62. f4 Kg6 63. f5+ Kg7 64. f6+ Rxf6 65. Qxf6+
Kxf6 66. Kg3 Ke5 67. Kf3 Ke6 68. Kf4 Kf6 69. e5+ Ke7 70. Kf5 Kf7 71. e6+ Ke7
72. Ke5 Ke8 73. Kd6 Kd8 74. Kc6 Ke7 75. Kb7 Kd8 76. Kxa7 Kc7 77. e7 Kd7 78. Kb6
Kxe7 79. a7 Kd6 80. a8=Q Ke5 81. Qf3 Kd4 82. Qe2 Kd5 83. Qe3 Kd6 84. Qe4 Kd7
85. Qe5 Kd8 86. Kc6 Kc8 87. Qe8# {QueenMaxima checkmated} 1-0

[Event "ICS Rated blitz match"]
[Site "204.178.125.65"]
[Date "2000.10.15"]
[Round "?"]
[White "QueenMaxima"]
[Black "Hossa"]
[Result "1/2-1/2"]
[WhiteElo "2451"]
[BlackElo "2520"]
[PlyCount "213"]
[EventDate "2000.??.??"]

1. d4 d5 2. c4 dxc4 3. Nf3 b5 4. a4 c5 5. dxc5 Qxd1+ 6. Kxd1 b4 7. Bf4 Nf6 8.
e3 Ba6 9. Nfd2 e6 10. Bxc4 Bxc4 11. Nxc4 Bxc5 12. Kc1 Nbd7 13. Rd1 Rc8 14. b3
Ng4 15. Ra2 e5 16. Bg3 h5 17. Rc2 Rc7 18. Bh4 Rg8 19. Bg3 Rh8 20. h4 Rh6 21.
Kb2 Rhc6 22. Re2 Re6 23. Nbd2 Ngf6 24. Nf3 Ne4 25. Ng5 Nxg5 26. hxg5 Be7 27.
Red2 Nc5 28. Bxe5 Nxa4+ 29. bxa4 Rxc4 30. Bxg7 Bxg5 31. Kb3 Rc7 32. Ba1 Be7 33.
Rd5 h4 34. Rh5 Rg6 35. Rh8+ Bf8 36. Rxh4 Rc8 37. g3 Rgc6 38. Rh7 Rc2 39. Rh8
Rxf2 40. Bg7 Ke7 41. Kxb4 Rb8+ 42. Ka3 Re2 43. Rd3 Re1 44. a5 f6 45. Bxf8+ Rxf8
46. Rxf8 Kxf8 47. Kb4 Rg1 48. e4 Re1 49. Rd4 Re3 50. Kb5 Rxg3 51. Rd7 Rg5+ 52.
Ka6 Re5 53. Rxa7 Rxe4 54. Kb5 Re5+ 55. Kc6 f5 56. a6 Re6+ 57. Kd5 Rb6 58. Ke5
f4 59. Ra8+ Kg7 60. a7 Ra6 61. Kxf4 Rf6+ 62. Ke5 Ra6 63. Kd4 Rd6+ 64. Kc5 Ra6
65. Kb4 Ra2 66. Kb3 Ra1 67. Kc4 Rc1+ 68. Kd5 Rd1+ 69. Ke5 Re1+ 70. Kd4 Rd1+ 71.
Kc3 Ra1 72. Kb3 Ra5 73. Kc4 Ra4+ 74. Kd5 Ra5+ 75. Kd6 Ra1 76. Kc6 Rc1+ 77. Kb6
Rb1+ 78. Kc7 Rc1+ 79. Kd7 Rd1+ 80. Ke6 Ra1 81. Kf5 Rf1+ 82. Ke4 Re1+ 83. Kf3
Rf1+ 84. Ke2 Ra1 85. Kd2 Ra2+ 86. Ke3 Ra3+ 87. Kd4 Ra2 88. Kd3 Ra3+ 89. Ke4
Ra4+ 90. Kf3 Ra3+ 91. Kf2 Ra2+ 92. Kg3 Ra1 93. Kf4 Ra2 94. Kf5 Rf2+ 95. Ke4
Re2+ 96. Kd5 Rd2+ 97. Kc6 Rc2+ 98. Kb6 Rb2+ 99. Ka5 Ra2+ 100. Kb4 Ra1 101. Kc3
Ra2 102. Rc8 Rxa7 103. Rd8 Kh7 104. Re8 Kg7 105. Rd8 Kh7 106. Re8 Kg7 107. Rd8
{Game drawn by repetition} 1/2-1/2

[Event "ICS rated standard match"]
[Site "204.178.125.65"]
[Date "2000.10.15"]
[Round "?"]
[White "Hossa"]
[Black "SzabolcsSziklai"]
[Result "1-0"]
[WhiteElo "2383"]
[BlackElo "2125"]
[PlyCount "47"]
[EventDate "2000.??.??"]

1. d4 Nf6 2. Bf4 c5 3. dxc5 Qa5+ 4. c3 Qxc5 5. e3 Nc6 6. Nd2 d6 7. e4 Bd7 8.
Be3 Qa5 9. f3 g6 10. Nb3 Qc7 11. Ne2 Bg7 12. Ned4 a6 13. Nxc6 Bxc6 14. Nd4 O-O
15. Nxc6 Qxc6 16. Be2 d5 17. e5 Nd7 18. f4 f6 19. Bf3 e6 20. exf6 Nxf6 21. O-O
Rad8 22. Qb3 Rf7 23. Qb6 Nd7 24. Qxd8+ {SzabolcsSziklai resigns} 1-0

[Event "ICS Rated blitz match"]
[Site "204.178.125.65"]
[Date "2000.10.15"]
[Round "?"]
[White "Hossa"]
[Black "QueenMaxima"]
[Result "1/2-1/2"]
[WhiteElo "2517"]
[BlackElo "2454"]
[PlyCount "267"]
[EventDate "2000.??.??"]

1. e4 c5 2. c3 Nf6 3. e5 Nd5 4. d4 cxd4 5. Nf3 Nc6 6. cxd4 d6 7. Bc4 Nb6 8. Bb5
dxe5 9. Nxe5 Bd7 10. Nxd7 Qxd7 11. Nc3 e6 12. O-O Be7 13. Qg4 O-O 14. Rd1 Rfd8
15. Bh6 Bf6 16. Ne4 Qe7 17. Bxc6 bxc6 18. Rac1 Kh8 19. Be3 Rac8 20. Nxf6 Qxf6
21. Rc5 Nd5 22. Rc4 h6 23. Rdc1 Rb8 24. b3 Nb4 25. a3 Nd5 26. b4 Ne7 27. Rc5
Rb7 28. Rh5 Rbd7 29. Qe4 Nf5 30. Qf3 Qg6 31. Qh3 Rd5 32. Rg5 Qf6 33. Rg4 Nxd4
34. Bxd4 Rxd4 35. Rxd4 Qxd4 36. Qb3 Qd2 37. Rf1 a5 38. bxa5 Qxa5 39. Qb7 Kg8
40. Qxc6 Qxa3 41. Qc2 Qd3 42. Qc7 Ra8 43. g3 Ra2 44. Qb8+ Kh7 45. Qb1 Qxb1 46.
Rxb1 e5 47. Re1 f6 48. Kg2 Kg6 49. g4 h5 50. gxh5+ Kxh5 51. Re3 Rc2 52. Rf3 e4
53. Rh3+ Kg4 54. Rg3+ Kf4 55. h4 Rc7 56. h5 Ke5 57. Rg6 f5 58. Rg5 Rd7 59. Rg6
f4 60. Rg5+ Kf6 61. Rg6+ Kf5 62. Ra6 Rd2 63. Kf1 Kg4 64. Ke1 Rc2 65. Ra3 Rc1+
66. Kd2 Rh1 67. Ke2 Rxh5 68. Ra7 g6 69. Ra6 g5 70. Ra4 Kf5 71. Ra5+ Kf6 72.
Ra6+ Ke7 73. Ra4 e3 74. fxe3 Rh2+ 75. Kf1 fxe3 76. Re4+ Kf6 77. Rxe3 g4 78. Kg1
Rd2 79. Rg3 Kg5 80. Re3 Rb2 81. Re5+ Kh4 82. Re4 Kh3 83. Re3+ g3 84. Re1 Kg4
85. Re4+ Kf3 86. Re1 Rg2+ 87. Kh1 Rh2+ 88. Kg1 Rd2 89. Rf1+ Rf2 90. Re1 Rc2 91.
Rf1+ Ke4 92. Re1+ Kf5 93. Rd1 Ra2 94. Re1 Rd2 95. Rc1 Re2 96. Rd1 Rc2 97. Rd4
Ra2 98. Rh4 Rd2 99. Rh3 Kg4 100. Rh6 Rb2 101. Rg6+ Kf3 102. Rf6+ Ke4 103. Rg6
Kf4 104. Rh6 Kf5 105. Rh4 Re2 106. Rh3 Kg4 107. Rh6 Rd2 108. Rg6+ Kf3 109. Rf6+
Ke4 110. Rg6 Kf4 111. Rh6 Rc2 112. Rh5 Rc1+ 113. Kg2 Kg4 114. Re5 Rc2+ 115. Kg1
Ra2 116. Re4+ Kf3 117. Re1 Rh2 118. Rf1+ Ke4 119. Rf6 Rc2 120. Rg6 Kf4 121.
Rf6+ Kg5 122. Rf3 Kg4 123. Re3 Kh3 124. Re1 Rd2 125. Rb1 Rg2+ 126. Kh1 Re2 127.
Kg1 Ra2 128. Re1 Rc2 129. Rb1 Rd2 130. Ra1 Rf2 131. Rb1 Rf6 132. Rb3 Rf2 133.
Rb1 Rg2+ 134. Kh1 {Game drawn by the 50 move rule} 1/2-1/2

[Event "ICS Rated standard match"]
[Site "204.178.125.65"]
[Date "2000.10.15"]
[Round "?"]
[White "alkhateeb"]
[Black "Hossa"]
[Result "0-1"]
[WhiteElo "2251"]
[BlackElo "2389"]
[PlyCount "138"]
[EventDate "2000.??.??"]

1. d4 d5 2. Nf3 e6 3. Bf4 Nf6 4. e3 Nbd7 5. Nbd2 Be7 6. c3 Nh5 7. Bg3 Nxg3 8.
hxg3 c5 9. Bd3 Bd6 10. Qe2 Qb6 11. O-O-O Qa5 12. Kb1 cxd4 13. exd4 h6 14. g4
Bf4 15. g3 Bxd2 16. Rxd2 g6 17. Qe3 b5 18. Rxh6 Rxh6 19. Qxh6 b4 20. c4 dxc4
21. Bxc4 Bb7 22. Ne5 Be4+ 23. Ka1 b3 24. Bxb3 Rc8 25. Rd1 Rb8 26. Qe3 Nf6 27.
Nc4 Qa6 28. Nd2 Ba8 29. Qf4 Nd7 30. Re1 Rb4 31. a3 Bg2 32. Ba2 Ra4 33. f3 Qd3
34. Bb1 Qxd4 35. Qxd4 Rxd4 36. Re2 Bh1 37. b4 Ke7 38. Kb2 Ne5 39. Kc3 Nxf3 40.
Nxf3 Rxg4 41. Ne1 Rxg3+ 42. Bd3 Kd6 43. a4 e5 44. Kc4 f5 45. Kb5 Rg4 46. Ka5
Bd5 47. Rd2 Ke6 48. Rb2 Rh4 49. Ka6 Rh1 50. Nc2 Rh7 51. b5 Bb7+ 52. Ka5 Rd7 53.
Bc4+ Kf6 54. Kb4 Be4 55. a5 g5 56. Kc3 Rh7 57. Nb4 Rh3+ 58. Nd3 Bxd3 59. Bxd3
e4 60. b6 Rxd3+ 61. Kc4 axb6 62. axb6 Rd8 63. b7 Rb8 64. Kc5 e3 65. Kc6 f4 66.
Kc7 Rxb7+ 67. Kxb7 f3 68. Kc6 e2 69. Kd5 e1=Q {alkhateeb resigns} 0-1

[Event "ICS Rated standard match"]
[Site "204.178.125.65"]
[Date "2000.10.15"]
[Round "?"]
[White "infant"]
[Black "Hossa"]
[Result "0-1"]
[WhiteElo "1975"]
[BlackElo "2399"]
[PlyCount "40"]
[EventDate "2000.??.??"]

1. Nf3 Nf6 2. b3 d5 3. Bb2 c6 4. e3 Bf5 5. c4 e6 6. a3 dxc4 7. Bxc4 Bd6 8. Nc3
O-O 9. O-O Nbd7 10. d4 Nd5 11. Qe2 N7f6 12. Rac1 Nxc3 13. Bxc3 Bxa3 14. Ra1 Ne4
15. Be1 Bd6 16. Ne5 Bxe5 17. dxe5 b5 18. f3 bxc4 19. fxe4 Bxe4 20. Qh5 cxb3 {
infant resigns} 0-1

[Event "ICS rated blitz match"]
[Site "204.178.125.65"]
[Date "2000.10.15"]
[Round "?"]
[White "libertad"]
[Black "Hossa"]
[Result "0-1"]
[WhiteElo "2074"]
[BlackElo "2514"]
[PlyCount "62"]
[EventDate "2000.??.??"]

1. e4 c5 2. Nf3 Nc6 3. c3 d5 4. exd5 Qxd5 5. d4 Nf6 6. c4 Qe4+ 7. Be3 Ng4 8.
Bd3 Nxe3 9. Bxe4 Nxd1 10. Bxc6+ bxc6 11. Kxd1 cxd4 12. Nxd4 Bh3 13. gxh3 O-O-O
14. Kc2 Rxd4 15. Kc3 Rf4 16. Nd2 Rxf2 17. Raf1 Rxf1 18. Rxf1 f6 19. b4 e5 20.
c5 Be7 21. Rf3 g6 22. Kc4 Rd8 23. Rd3 f5 24. Rxd8+ Kxd8 25. Nf3 Bf6 26. a4 e4
27. Ne1 f4 28. b5 f3 29. Nc2 Bg5 30. h4 Bd2 31. Kd4 f2 {libertad resigns} 0-1

[Event "ICS rated standard match"]
[Site "204.178.125.65"]
[Date "2000.10.15"]
[Round "?"]
[White "Hossa"]
[Black "AaronNimzowitch"]
[Result "1-0"]
[WhiteElo "2402"]
[BlackElo "2131"]
[PlyCount "57"]
[EventDate "2000.??.??"]

1. e4 Nf6 2. e5 Nd5 3. c4 Nb6 4. c5 Nd5 5. d4 e6 6. Nf3 d6 7. cxd6 cxd6 8. Bd3
Nd7 9. O-O b6 10. Nc3 Nxc3 11. bxc3 Qc7 12. Bf4 Bb7 13. Rc1 Rc8 14. Re1 Bxf3
15. Qxf3 dxe5 16. dxe5 Bc5 17. Qg4 Kf8 18. Ba6 Rd8 19. Rcd1 h5 20. Qf3 Nb8 21.
Rxd8+ Qxd8 22. Qa8 Qc7 23. Rd1 Ke7 24. a4 Rf8 25. Bb5 a5 26. Qf3 Rc8 27. Qxh5
Nc6 28. Bg5+ f6 29. exf6+ {AaronNimzowitch resigns} 1-0